| 000 | 00674nam a22001817a 4500 | ||
|---|---|---|---|
| 999 |
_c170020 _d170020 |
||
| 005 | 20191210122329.0 | ||
| 010 | _aENG-127047 | ||
| 020 |
_c250.00 _a9789389588996 |
||
| 035 | _aEN-110579 | ||
| 037 | _bDBAD/PUB | ||
| 082 | _a000 | ||
| 100 | _aMadaan, KVS | ||
| 245 |
_aNTA UGC NET/ SET /JRF teaching and research aptitude : _cby Evi Nemeth ...[et al] _bpaper-1, previous year's solved papers 2012-2019 / |
||
| 260 |
_aNoida _bPearson India Education _c2020 |
||
| 270 |
_a15th Floor, Tower-B, World Trade Tower, Plot No.1, Block-C, Sector 16 _bNoida, Uttar Pradesh _e201301 _k044-66540100 |
||
| 300 |
_aix;255p. _c25cm(pbk) |
||
| 942 |
_2ddc _cEN _h000 _mMAD |
||